Challenges of the FDI in Ukraine
Špecifické prekážky, ktorým čelili zahraniční investori a zahraničné nadnárodné spoločnosti z určitých sektorov a pôvodu pri zakladaní svojich svojich projektov priamych zahraničných investícií na Ukrajine.
Gespeichert in:
| 1. Verfasser: | |
|---|---|
| Format: | Buchkapitel |
| Sprache: | Englisch |
| Schlagworte: | |
| Tags: |
Keine Tags, Fügen Sie das erste Tag hinzu!
|
MARC
| LEADER | 00000naa a2200000 4500 | ||
|---|---|---|---|
| 001 | 0280004 | ||
| 005 | 20240502083851.9 | ||
| 041 | 0 | |a eng | |
| 044 | |a UA | ||
| 245 | 1 | 0 | |a Challenges of the FDI in Ukraine |c Anna Rivna |
| 520 | |a Špecifické prekážky, ktorým čelili zahraniční investori a zahraničné nadnárodné spoločnosti z určitých sektorov a pôvodu pri zakladaní svojich svojich projektov priamych zahraničných investícií na Ukrajine. | ||
| 610 | 2 | 0 | |a Ukrajina |
| 610 | 2 | 0 | |a investori |
| 610 | 2 | 0 | |a investície priame zahraničné |
| 610 | 2 | 0 | |a projekty investičné |
| 610 | 2 | 0 | |a spoločnosti nadnárodné |
| 100 | 1 | |a Rivna, Anna, 1992- | |